000 00531nam a2200169Ia 4500
999 _c11206
_d11206
003 OSt
005 20200811143924.0
008 190216s9999||||xx |||||||||||||| ||und||
020 _a9788131511107
040 _coclc
082 _a519.2
_bMEN/P
100 _aMendenhall, William
_94050
245 0 _aProbability And Statistics /
_cWilliam Mendenhall ; Robert J Beaver ; Barbara M Beaver
260 _bCengage Learning,
_c2010.
_aNew Delhi:
300 _a591p
942 _cBK
_2ddc
_h519.2
_iMEN/P
_k519.2
_mMEN/P